Long-Term Population Development of the South Bohemian Municipalities from 1869 to 2021 in the Perspective of Selected Factors

Článok sa zameriava na tri vybrané faktory ovplyvňujúce dlhodobý populačný vývoj (faktor polohy obce vo vzťahu k železnici, faktor územno-správnej funkcie obce a faktor populačnej veľkosti obce) v rámci južných Čiech v krajskom vymedzení. Analýzy v článku vychádzajú z údajov o počte obyvateľov zo sč...

Full description

Saved in:
Bibliographic Details
Main Author: Nováček, Aleš
Other Authors: Kubeš, Jan, Klučka, Štěpán
Format: Book Chapter
Language:English
Czech
Subjects:
Tags: Add Tag
No Tags, Be the first to tag this record!

MARC

LEADER 00000naa a2200000 4500
001 0307366
005 20250227151034.4
041 0 |a eng 
041 0 |a cze 
044 |a SK 
245 1 0 |a Long-Term Population Development of the South Bohemian Municipalities from 1869 to 2021 in the Perspective of Selected Factors  |c Aleš Nováček, Jan Kubeš, Štěpán Klučka 
520 |a Článok sa zameriava na tri vybrané faktory ovplyvňujúce dlhodobý populačný vývoj (faktor polohy obce vo vzťahu k železnici, faktor územno-správnej funkcie obce a faktor populačnej veľkosti obce) v rámci južných Čiech v krajskom vymedzení. Analýzy v článku vychádzajú z údajov o počte obyvateľov zo sčítaní ľudu v rokoch 1869 až 2021. Článok sa zaoberá obcami, ktoré aspoň v dvoch sčítaniach prekročili hranicu 2 000 obyvateľov (104 obcí z celkového počtu 624 obcí). Použitými ukazovateľmi sú priemerný ročný prírastok počtu obyvateľov, index populačnej zmeny a index zohľadňujúci populačný vývoj sledovaného typu obcí oproti populačnému vývoju celého kraja. 
610 2 0 |a geografia sociálna 
610 2 0 |a vývoj populačný 
610 2 0 |a siete železničné 
610 2 0 |a správa oblastná 
610 2 0 |a ukazovatele demografické 
610 2 0 |a obce 
610 2 0 |a kraje 
610 2 0 |a Česko 
100 1 |a Nováček, Aleš 
700 1 |a Kubeš, Jan 
700 1 |a Klučka, Štěpán